| 000 | 01268cam a2200373 4500 | ||
|---|---|---|---|
| 999 |
_c23398 _d23398 |
||
| 001 | vtls012003057 | ||
| 005 | 20221006124817.0 | ||
| 008 | 201112s2020 xo gr 010 0 slo | ||
| 020 |
_a9788055648286 _q(viazané) |
||
| 040 |
_aTVZK _bslo _cTVZK _dSNK _erda |
||
| 041 | 1 |
_aslo _hswe |
|
| 044 |
_axo _cSK |
||
| 072 | 7 |
_a821.11 _xGermánske literatúry _2konspekt |
|
| 080 |
_a821.113.6-31 _22011 |
||
| 080 |
_a(0:82-312.4) _22011 |
||
| 100 | 1 |
_aLäckberg, Camilla, _d1974- _4aut _92013 |
|
| 240 | 1 | 0 |
_aVingar av silver _lSlovensky |
| 245 | 1 | 0 |
_aStrieborné krídla _cCamilla Läckberg ; zo švédčiny preložila Mária Bratová |
| 250 | _aPrvé vydanie | ||
| 264 | 1 |
_aBratislava _bSlovart _c2020 |
|
| 300 |
_a310 strán _c22 cm |
||
| 336 |
_atext _btxt _2rdacontent |
||
| 337 |
_abez média _bn _2rdamedia |
||
| 338 |
_azväzok _bnc _2rdacarrier |
||
| 500 | _aNa prebale pod názvom: Pokračovanie románu Zlatá klietka | ||
| 655 | 7 |
_ašvédske romány _2SNKPH _91715 |
|
| 655 | 7 |
_adetektívne romány _2SNKPH _91710 |
|
| 655 | 7 |
_aSwedish fiction _2SNKPHeng _91716 |
|
| 655 | 7 |
_aDetective novels _2SNKPHeng _91711 |
|
| 700 | 1 |
_aBratová, Mária, _d1958- _4trl _92014 |
|
| 700 | 1 |
_aLäckberg, Camilla, _d1974- _tZlatá klietka _93620 |
|
| 958 | _aLX | ||
| 958 | _aUP | ||